[Event "Montreal Saturday op 11"]
[Site "Montreal"]
[Date "2009.11.18"]
[Round "1"]
[White "Chestnut, Walter"]
[Black "Matheson, Ben"]
[Result "1-0"]
[WhiteElo "1596"]
[BlackElo "1569"]
[PlyCount "47"]
[EventDate "2009.11.18"]
[EventType "tourn"]
[EventRounds "5"]
[EventCountry "CAN"]
[SourceTitle "EXT 2011"]
[Source "ChessBase"]
[SourceDate "2010.11.26"]
[SourceVersion "1"]
[SourceVersionDate "2010.11.26"]
[SourceQuality "1"]

1. e4 e6 2. d4 d5 3. e5 c5 4. c3 Qb6 5. a3 Nc6 6. Nf3 c4 7. Nbd2 Na5 8. Be2 Bd7 9. 0-0 Rc8 10. Rb1 Nb3 11. Nxb3 Qxb3 12. Qxb3 cxb3 13. Nd2 Ba4 14. Bd1 Rc6 15. Nxb3 Rb6 16. Nd2 Bb5 17. Re1 Ne7 18. Be2 Nc6 19. b4 Be7 20. Bxb5 Rxb5 21. a4 Rb6 22. a5 Rb5 23. Rb2 0-0 24. Nb1 1-0

[Event "Montreal Mercredi 05"]
[Site "Montreal"]
[Date "2009.06.10"]
[Round "5"]
[White "Chang, Michael"]
[Black "Matheson, Ben"]
[Result "0-1"]
[WhiteElo "1449"]
[BlackElo "1528"]
[PlyCount "116"]
[EventDate "2009.05.13"]
[EventType "tourn"]
[EventRounds "5"]
[EventCountry "CAN"]
[SourceTitle "EXT 2011"]
[Source "ChessBase"]
[SourceDate "2010.11.26"]
[SourceVersion "1"]
[SourceVersionDate "2010.11.26"]
[SourceQuality "1"]

1. e4 e6 2. d4 d5 3. e5 c5 4. c3 Nc6 5. Nf3 Qb6 6. a3 a5 7. Bd3 Bd7 8. Bc2 f6 9. 0-0 g6 10. exf6 Nxf6 11. dxc5 Bxc5 12. Bg5 Ne4 13. b3 Nxf2 14. Rxf2 Bxf2+ 15. Kh1 Be3 16. Qe2 Bxg5 17. Nxg5 0-0 18. Nd2 Qf2 19. Qd3 Ne5 20. Qh3 Rf7 21. Nxf7 Nxf7 22. Rd1 Rc8 23. Qd3 Ne5 24. Qd4 Qxd4 25. cxd4 Rxc2 26. dxe5 Bb5 27. Nf3 Be2 28. Rb1 Bxf3 29. gxf3 Rf2 30. b4 a4 31. Rc1 Rxf3 32. Rc8+ Kg7 33. Rb8 Rxa3 34. Rxb7+ Kh6 35. Rb6 Rb3 36. Rxe6 Rxb4 37. Ra6 Re4 38. e6 g5 39. e7+ Kg7 40. Rxa4 Rxe7 41. Rd4 Re5 42. Kg2 Kf6 43. Kf3 h6 44. h3 h5 45. Ra4 Rf5+ 46. Ke3 Ke5 47. Ra5 Rf4 48. Rb5 Rh4 49. Rb7 Rxh3+ 50. Kf2 g4 51. Rh7 h4 52. Rh5+ Ke4 53. Rg5 Rf3+ 54. Kg2 Rf4 55. Rh5 h3+ 56. Kg3 d4 57. Ra5 Ke3 58. Ra3+ d3 0-1

[Event "Montreal Mercredi 05"]
[Site "Montreal"]
[Date "2009.06.03"]
[Round "4"]
[White "Matheson, Ben"]
[Black "Dardoura, Khaled"]
[Result "0-1"]
[WhiteElo "1528"]
[BlackElo "1468"]
[PlyCount "38"]
[EventDate "2009.05.13"]
[EventType "tourn"]
[EventRounds "5"]
[EventCountry "CAN"]
[SourceTitle "EXT 2011"]
[Source "ChessBase"]
[SourceDate "2010.11.26"]
[SourceVersion "1"]
[SourceVersionDate "2010.11.26"]
[SourceQuality "1"]

1. e4 e6 2. d4 d5 3. e5 c5 4. c3 Nc6 5. Nf3 Qb6 6. Bd3 Bd7 7. 0-0 cxd4 8. cxd4 Nxd4 9. Nxd4 Qxd4 10. Nc3 Qxe5 11. Re1 Qd6 12. Qg4 Nf6 13. Qg5 h6 14. Qh4 Be7 15. Bf4 Qb6 16. a4 Ne4 17. Qg4 Nxf2 18. Qxg7 Nh3+ 19. Kh1 Qg1+ 0-1

[Event "Montreal Mercredi 05"]
[Site "Montreal"]
[Date "2009.05.20"]
[Round "2"]
[White "Ber, Alexandre"]
[Black "Matheson, Ben"]
[Result "1-0"]
[WhiteElo "1539"]
[BlackElo "1528"]
[PlyCount "59"]
[EventDate "2009.05.13"]
[EventType "tourn"]
[EventRounds "5"]
[EventCountry "CAN"]
[SourceTitle "EXT 2011"]
[Source "ChessBase"]
[SourceDate "2010.11.26"]
[SourceVersion "1"]
[SourceVersionDate "2010.11.26"]
[SourceQuality "1"]

1. d4 d6 2. c4 Nf6 3. Nc3 g6 4. e4 Bg7 5. Be2 0-0 6. Bg5 Nbd7 7. Qd2 c5 8. d5 Re8 9. h4 e5 10. h5 Qa5 11. hxg6 fxg6 12. Nf3 Re7 13. 0-0-0 Rf7 14. Rdf1 a6 15. Bh6 Nb6 16. Ng5 Bxh6 17. Rxh6 Rg7 18. Rfh1 Na4 19. R1h3 Bxh3 20. gxh3 Nxc3 21. bxc3 b5 22. f4 exf4 23. Kd1 f3 24. Bxf3 Qa4+ 25. Ke1 Qxc4 26. Be2 Qa4 27. Qf4 Ne8 28. Bg4 Qxa2 29. Be6+ Kh8 30. Qf8+ 1-0

[Event "Montreal Mercredi 05"]
[Site "Montreal"]
[Date "2007.06.06"]
[Round "4"]
[White "Beland, Stephane"]
[Black "Matheson, Ben"]
[Result "1-0"]
[WhiteElo "1585"]
[BlackElo "1551"]
[PlyCount "103"]
[EventDate "2007.05.16"]
[EventType "swiss"]
[EventRounds "6"]
[EventCountry "CAN"]
[SourceTitle "EXT 2022"]
[Source "ChessBase"]
[SourceDate "2021.10.06"]
[SourceVersion "1"]
[SourceVersionDate "2021.10.06"]
[SourceQuality "1"]

1. Nf3 g6 2. e4 d6 3. d4 Bg7 4. c4 Nd7 5. Nc3 e5 6. Be2 Ne7 7. 0-0 0-0 8. Bg5 f6 9. Bh4 c5 10. dxc5 dxc5 11. Qd6 Nc6 12. Nd5 Rb8 13. Rad1 Kh8 14. a3 Nd4 15. Nxd4 cxd4 16. Bg4 Rf7 17. f4 Qf8 18. Qc7 Qc5 19. Qxc5 Nxc5 20. Bxc8 Rxc8 21. fxe5 f5 22. Bf6 Nxe4 23. Bxg7+ Kxg7 24. e6 Rff8 25. Rxd4 Rfe8 26. e7 Nd6 27. Rc1 b5 28. c5 Ne4 29. b4 Nf6 30. Re1 a5 31. Re6 Nxd5 32. Rxd5 axb4 33. axb4 Kf7 34. Rb6 Rb8 35. Rd7 Rxb6 36. cxb6 Rb8 37. Rc7 Rxb6 38. Kf2 Ke8 39. Ke3 Re6+ 40. Kd4 Re4+ 41. Kc5 Rc4+ 42. Kd6 Rxc7 43. Kxc7 Kxe7 44. Kc6 Kd8 45. Kxb5 Kc7 46. Kc5 h5 47. h4 f4 48. Kd5 Kb6 49. Ke4 Kb5 50. Kxf4 Kxb4 51. Kg5 Kc5 52. Kxg6 1-0

[Event "Montreal Mercredi 04"]
[Site "Montreal"]
[Date "2007.04.04"]
[Round "1"]
[White "Bergeron, Rene"]
[Black "Matheson, Ben"]
[Result "1-0"]
[WhiteElo "1529"]
[BlackElo "1514"]
[PlyCount "105"]
[EventDate "2007.04.04"]
[EventType "swiss"]
[EventRounds "5"]
[EventCountry "CAN"]
[SourceTitle "EXT 2022"]
[Source "ChessBase"]
[SourceDate "2021.10.06"]
[SourceVersion "1"]
[SourceVersionDate "2021.10.06"]
[SourceQuality "1"]

1. e4 e6 2. c4 c5 3. Nf3 d6 4. d4 cxd4 5. Nxd4 Nf6 6. Bg5 Be7 7. Bd3 Nc6 8. Nf3 h6 9. Bd2 0-0 10. 0-0 e5 11. h3 a5 12. Nc3 Nb4 13. Bb1 Re8 14. a3 Na6 15. Nd5 Nc5 16. Re1 Nxd5 17. cxd5 Qb6 18. b4 axb4 19. Bxb4 Bd7 20. Bc2 Rac8 21. Rc1 Na6 22. Bd2 Qc5 23. Ba4 Bxa4 24. Qxa4 Qb6 25. Rxc8 Rxc8 26. Ba5 Qc5 27. Qd7 Kf8 28. Qxb7 Nb8 29. Bb4 Qc7 30. Qb5 Nd7 31. Ba5 Qa7 32. Bb4 Rc2 33. Rf1 Nc5 34. Ne1 Rb2 35. Qc4 Qa4 36. Nd3 Nxd3 37. Qxd3 Rc2 38. Kh1 Kg8 39. f4 exf4 40. Rxf4 Rc1+ 41. Rf1 Rxf1+ 42. Qxf1 Qc2 43. e5 Qc7 44. Bxd6 Bxd6 45. exd6 Qxd6 46. Qd3 Kf8 47. a4 f6 48. a5 Ke8 49. a6 Qc7 50. Qe3+ Kd8 51. a7 Qb7 52. Qc5 Kd7 53. Qc6+ 1-0